| 000 | 00378nam a2200157Ia 4500 | ||
|---|---|---|---|
| 008 | 230524s9999 xx 000 0 und d | ||
| 082 |
_a537 _bKHA |
||
| 100 | _aMd.N.Khan | ||
| 245 | 0 | _aConcepts in Engineering Physics Part-II | |
| 250 | _a1ST | ||
| 260 |
_aBHUBANESWAR _bAlok _c2006 |
||
| 300 | _aIV;248 | ||
| 500 | _aQuantity Number: 70 | ||
| 650 | _aPhysics | ||
| 942 | _cBK | ||
| 999 |
_c35346 _d35346 |
||